00746nam a22002057a 4500003000400000005001700004008004100021020002200062040003000084050002100114100005700135245003200192250001100224260004100235300001000276650005800286942001500344952016400359999001700523OSt20250813103635.0250813b |||||||| |||| 00| 0 eng d a13: 9780134986074 cChuka University Library. aHG 179 .M33 2019 aMadura, Jeff; Casey, Mike; Roberts, Sherry J.921312 aPersonal financial literacy a3rd ed aBoston,USAbPearson Educationc2019. a576p. a1. Finance --personnel. 2. Financial literacy.921313 2lcccBKn0 00102lcc40708LGLaCHKbPGcGENd2025-07-01eDonation from books of Africag7747.71l0oHG 179 .M33 2019p28391/2025r2025-08-13 10:38:24t2w2025-08-13yBK c20417d20417